000
00179nam a2200073Ia 4500
008
170620s9999 xx 000 0 und d
100
_a
Pandey
245
3
_a
An Introducation to Major Phil of Edu.
260
_b
APOLO
999
_c
27200
_d
27200